Česká máma a jak s ní komunikovat
Krátky historický pohľad na ženu a spoločnosť. Typológia ženy súčasnosti podľa jej životných postojov a hodnôt. Ako vyzerá všedný deň českých matiek. Ako osloviť české mamičky. Činnosti mamičiek na internete.
Salvato in:
| Autore principale: | |
|---|---|
| Natura: | Capitolo di libro |
| Lingua: | ceco |
| Soggetti: | |
| Tags: |
Nessun Tag, puoi essere il primo ad aggiungerne!!
|
MARC
| LEADER | 00000naa a2200000 4500 | ||
|---|---|---|---|
| 001 | 0241852 | ||
| 005 | 20180410092145.8 | ||
| 041 | 0 | |a cze | |
| 044 | |a CZ | ||
| 245 | 1 | 0 | |a Česká máma a jak s ní komunikovat |c Lenka Harmon |
| 520 | |a Krátky historický pohľad na ženu a spoločnosť. Typológia ženy súčasnosti podľa jej životných postojov a hodnôt. Ako vyzerá všedný deň českých matiek. Ako osloviť české mamičky. Činnosti mamičiek na internete. | ||
| 610 | 2 | 0 | |a ženy |
| 610 | 2 | 0 | |a rodina |
| 610 | 2 | 0 | |a domácnosti |
| 610 | 2 | 0 | |a spoločnosť |
| 610 | 2 | 0 | |a komunikácia marketingová |
| 610 | 2 | 0 | |a internet |
| 610 | 2 | 0 | |a štúdie |
| 610 | 2 | 0 | |a Česko |
| 100 | 1 | |a Harmon, Lenka | |